Amerikanisches Philosophieren : Pragmatisten, Polytheisten, Tragiker /

Guardado en:
Detalles Bibliográficos
Autor principal: Marcuse, Ludwig (autor)
Formato: Libro
Idioma:Alemán
Publicado: Hamburgo, Alemania : Rowohlt, 1959, c1959
Etiquetas: Agrega una etiqueta
Sin etiquetas, Sé el primero en etiquetar este registro!

MARC

LEADER 00000nam^a2200000^a^4500
001 000613849
005 20250521000000.0
009 20260310133630.67
037 |a Acervo Xavier Clavigero 
041 |a ALE 
091 |a FDU. 01272 
100 |a Marcuse, Ludwig  |e (autor) 
245 1 0 |a Amerikanisches Philosophieren :  |b Pragmatisten, Polytheisten, Tragiker / 
264 4 |a Hamburgo, Alemania :  |b Rowohlt,  |c 1959, c1959 
300 |a 179 p. 
336 |a texto  |b txt  |2 rdacontenido 
337 |a sin mediación  |b n  |2 rdamedio 
338 |a volumen  |b nc  |2 rdasoporte 
649 |a XX 
910 |a Fondo Víctor Raúl Durana Valerio S.J. 
920 |a Impresos - Libros 
930 |a Fondos Especiales 
905 |a 116 
901 |a 613849-10  |b IT2  |c ESP  |i D5109  |u 20250521 
902 |a https://opac.biblio.iteso.mx/vufind/Record/000613849